Cities in their Language #2 - Statistics

General Stats
  • This quiz has been taken 180 times
    179 since last reset
  • The average score is 10 of 14
Answer Stats
English Official Language % Correct
Rome Roma
100%
Naples Napoli/Napule/Neapolis
97%
Milan Milano
94%
Bombay Mumbai
83%
Calcutta Kolkata
81%
Brussels Bruxelles/Brussel
80%
Venice Venezia
78%
Florence Firenze
73%
The Hague Den Haag/'s-⁠Gravenhage
69%
Geneva Genève/Genf/Ginevra
65%
Bruges Brugge
49%
Copenhagen København
47%
Warsaw Warszawa
37%
Dublin Baile Átha Cliath
9%
No matching quizzes found
Score Distribution
Percent of People with Each Score
Percentile by Number Answered
Your Score History
You have not taken this quiz since the last reset